Score 0/7 Timer 03:00
0 Plays Today
Question Answer Wrong Answers
An engagement is announced between Prince William, Duke of Cambridge, and this woman.
2010
Kate Middleton
93.3%
Meghan Markle
4.3%
Cressida Bonas
0.4%
Olivia Hunt
0.4%
Qantas, the national airline of this country, is founded.
1920
Australia
88.9%
Qatar
8.2%
Indonesia
0.9%
Argentina
1.9%
US President Nixon signs a bill authorizing the construction of an oil pipeline to Port Valdez, in this US state.
1973
Alaska
83%
New Mexico
12.5%
Florida
3.2%
Maine
0.6%
This American actress, known for her marriage to Lenny Kravitz and for playing Denise Huxtable on The Cosby Show, is born in San Francisco.
1967
Lisa Bonet
78.3%
Raven Symoné
4.3%
Phylicia Rashad
13.5%
Tempestt Bledsoe
3.5%
In Pakistan's general election, this woman is elected as the first female to head a democratic government in a Muslim majority nation.
1988
Benazir Bhutto
77%
Indira Gandhi
10.5%
Golda Meir
6.9%
Khaleda Zia
4.4%
This ex-Beatle releases the holiday single, 'Wonderful Christmastime.'
1979
Paul McCartney
66.9%
John Lennon
17.4%
George Harrison
8%
Ringo Starr
6.8%
This Argentinian footballer makes his professional debut for FC Barcelona's 'C' team.
2003
Lionel Messi
61.1%
Cristiano Ronaldo
32.2%
Luis Suárez
3.5%
Luka Modrić
1.7%
Remove Ads.
Support Sporcle.
Get the best of Sporcle when you Go Orange. This ad-free experience offers more features, more stats, and more fun while also helping to support Sporcle. Thank you for becoming a member.

You're not logged in!

Compare scores with friends on all Sporcle quizzes.
OR
Log In

Show Comments

Extras

Top Quizzes Today


Score Distribution

Your Account Isn't Verified!

In order to create a playlist on Sporcle, you need to verify the email address you used during registration. Go to your Sporcle Settings to finish the process.

Report this User

Report this user for behavior that violates our Community Guidelines.

Details: